000 00617nam a2200157Ia 4500
005 20241129011719.0
008 240331s9999 xx 000 0 und d
020 _a
082 _bSTO
_a891
245 0 _aStorylines :
_bconversation with women writers
260 _aDelhi & Hyderabad
_bWomen's World(India) & Asmita Resource Centre for Women
_c2003
300 _a312 p .,
500 _aThe interview in this volume are the outcome of a series of workshops held with women writers during 1999 - 2001, on the question of gender-based censorship and related issues.
700 _aJoseph, A and others.
_eedt
942 _cL
999 _c3381
_d3381